000 00346 a2200157 4500
001 68406
020 _a9786556132587
040 _cAnchieta - Pituba
100 _aSantos, Mariana Marques dos
240 1 0 _aHistória 9º ano
_l
245 1 0 _aHistória 9º ano
300 _a256
362 0 _a2023
650 4 _aHistória do mundo
942 _cBK
999 _c68406
_d68406